[Event "Titled Tuesday intern op 19th Sep Late"]
[Site "Chess.com INT"]
[Date "2023.09.19"]
[Round "5"]
[White "Sliwicki, Damian"]
[Black "Lopez Mulet, Inigo"]
[Result "0-1"]
[WhiteElo "2091"]
[BlackElo "2414"]
[PlyCount "124"]
[EventDate "2023.09.19"]
[EventType "swiss (blitz)"]
[EventRounds "11"]
[EventCountry "USA"]
[SourceTitle "EXT 2024"]
[Source "ChessBase"]
[SourceDate "2023.10.10"]
[SourceVersion "1"]
[SourceVersionDate "2023.10.10"]
[SourceQuality "1"]

1. e4 g6 2. d4 Bg7 3. Nc3 c5 4. dxc5 Bxc3+ 5. bxc3 Qa5 6. Bb2 Nf6 7. e5 Ne4 8. Bd3 Nxc5 9. Nf3 Nc6 10. 0-0 Na4 11. Rb1 Nxb2 12. Rxb2 Qxc3 13. Rb3 Qa5 14. Qc1 b6 15. Qb2 Bb7 16. e6 0-0 17. Rb5 Qa4 18. exd7 Rad8 19. Ne5 Nxe5 20. Rxe5 Rxd7 21. Qc1 Qd4 22. Re3 Qf4 23. Qe1 e6 24. Rg3 Rfd8 25. h3 a6 26. Qe2 b5 27. a4 bxa4 28. Bxa6 Bxa6 29. Qxa6 Rd1 30. Kh2 Rxf1 31. Qxf1 Qe5 32. f4 Qd4 33. Rd3 Qf6 34. Rf3 Rd4 35. Qa1 h5 36. Kg3 h4+ 37. Kh2 Kh7 38. Qc3 Qd8 39. Qa3 Qd6 40. Qe3 Rc4 41. Qe5 Qxe5 42. fxe5 Kg7 43. Ra3 g5 44. c3 Kg6 45. g3 hxg3+ 46. Kxg3 Kf5 47. Kf3 Kxe5 48. Ke3 f5 49. Kd3 Kd5 50. Ra1 e5 51. Rf1 e4+ 52. Kd2 f4 53. Rg1 Ke6 54. Rxg5 Kf6 55. Ra5 f3 56. Ke3 Rxc3+ 57. Kxe4 a3 58. h4 Kg6 59. h5+ Kh6 60. Kd4 f2 61. Rf5 a2 62. Kxc3 a1Q+ 0-1

[Event "ESP-ch Rapid"]
[Site "Linares"]
[Date "2023.08.19"]
[Round "10"]
[White "Lopez Mulet, Inigo"]
[Black "Gines Esteo, Pedro Antonio"]
[Result "1/2-1/2"]
[WhiteElo "2414"]
[BlackElo "2482"]
[PlyCount "120"]
[EventDate "2023.08.19"]
[EventType "swiss (rapid)"]
[EventRounds "10"]
[EventCountry "ESP"]
[SourceTitle "CBM 215 Extra"]
[Source "ChessBase"]
[SourceDate "2023.09.30"]
[SourceVersion "1"]
[SourceVersionDate "2023.09.30"]
[SourceQuality "1"]

1. d4 d5 2. c4 e6 3. g3 Nf6 4. Bg2 Bb4+ 5. Nd2 0-0 6. Ngf3 dxc4 7. Qc2 b5 8. a4 c6 9. axb5 cxb5 10. Ng5 h6 11. Bxa8 hxg5 12. 0-0 g4 13. Ne4 Nbd7 14. Rxa7 Nxe4 15. Qxe4 Nf6 16. Qe5 Qb6 17. Ra1 Bd6 18. Qg5 Qxd4 19. Be3 Qxb2 20. Rab1 Qxe2 21. Rbd1 Nd5 22. Rd2 Qf3 23. Rxd5 exd5 24. Bd4 g6 25. Qh6 f6 26. Qxg6+ Kh8 27. Qh6+ Kg8 28. Qg6+ Kh8 29. Qh5+ Kg7 30. Qg5+ Kh7 31. Qh5+ Kg7 32. Ra1 Be6 33. Qg5+ Kh7 34. Ra7+ Rf7 35. Qh5+ Kg7 36. Qg5+ Kh7 37. Qh5+ Kg7 38. Qg5+ Kh7 39. Qh5+ Kg7 40. Qg5+ Kh7 41. Qh5+ Kg7 42. Qg5+ Kh7 43. Rxf7+ Bxf7 44. Bxf6 Qd1+ 45. Kg2 Qf3+ 46. Kg1 Qd1+ 47. Kg2 Qf3+ 48. Kg1 Qd1+ 49. Kg2 Qf3+ 50. Kg1 Qd1+ 51. Kg2 Qf3+ 52. Kg1 Qd1+ 53. Kg2 Qf3+ 54. Kg1 Qd1+ 55. Kg2 Qf3+ 56. Kg1 Qd1+ 57. Kg2 Qf3+ 58. Kg1 Qd1+ 59. Kg2 Qf3+ 60. Kg1 Qd1+ 1/2-1/2

[Event "ESP-ch Rapid"]
[Site "Linares"]
[Date "2023.08.19"]
[Round "4"]
[White "Lopez Mulet, Inigo"]
[Black "Hernandez Estevez, Yudania"]
[Result "1-0"]
[WhiteElo "2414"]
[BlackElo "2160"]
[PlyCount "53"]
[EventDate "2023.08.19"]
[EventType "swiss (rapid)"]
[EventRounds "10"]
[EventCountry "ESP"]
[SourceTitle "CBM 215 Extra"]
[Source "ChessBase"]
[SourceDate "2023.09.30"]
[SourceVersion "1"]
[SourceVersionDate "2023.09.30"]
[SourceQuality "1"]

1. e4 c6 2. d4 d5 3. Nc3 dxe4 4. Nxe4 Bf5 5. Ng3 Bg6 6. h4 h6 7. h5 Bh7 8. Nf3 Nd7 9. Bd3 Bxd3 10. Qxd3 e6 11. Bd2 Ngf6 12. 0-0-0 Be7 13. c4 0-0 14. Bc3 b5 15. c5 Nd5 16. Ne4 N7f6 17. Bd2 Ng4 18. Qe2 Qc7 19. Nh4 f5 20. Nc3 Nf4 21. Qf3 Nxf2 22. Bxf4 Bg5 23. Bxg5 Nxh1 24. Bf4 Qa5 25. Kb1 Rfd8 26. Be5 b4 27. Qxc6 1-0

[Event "Valencia Cuna op 4th"]
[Site "Valencia"]
[Date "2023.07.15"]
[Round "8"]
[White "Brunello, Sabino"]
[Black "Lopez Mulet, Inigo"]
[Result "0-1"]
[WhiteElo "2505"]
[BlackElo "2404"]
[PlyCount "46"]
[EventDate "2023.07.08"]
[EventType "swiss"]
[EventRounds "9"]
[EventCountry "ESP"]
[SourceTitle "CBM 215 Extra"]
[Source "ChessBase"]
[SourceDate "2023.09.30"]
[SourceVersion "1"]
[SourceVersionDate "2023.09.30"]
[SourceQuality "1"]

1. d4 Nf6 2. c4 e6 3. Nf3 d5 4. Nc3 Bb4 5. Bg5 Nbd7 6. Qb3 c5 7. cxd5 exd5 8. a3 Bxc3+ 9. Qxc3 c4 10. a4 h6 11. Bc1 Ne4 12. Qa3 Ndf6 13. Nd2 Nxd2 14. Bxd2 Ne4 15. Be3 Qa5+ 16. Kd1 c3 17. b4 Qc7 18. f3 c2+ 19. Kc1 Nc3 20. b5 Bf5 21. g4 Bg6 22. Qb4 Rc8 23. Ra3 a5 0-1

[Event "Titled Tuesday intern op 27th Jun Early"]
[Site "Chess.com INT"]
[Date "2023.06.27"]
[Round "1"]
[White "Bueno, Alfeu Varela Jr"]
[Black "Lopez Mulet, Inigo"]
[Result "0-1"]
[WhiteElo "2135"]
[BlackElo "2404"]
[PlyCount "68"]
[EventDate "2023.06.27"]
[EventType "swiss (blitz)"]
[EventRounds "11"]
[EventCountry "USA"]
[SourceTitle "EXT 2024"]
[Source "ChessBase"]
[SourceDate "2023.10.10"]
[SourceVersion "1"]
[SourceVersionDate "2023.10.10"]
[SourceQuality "1"]

1. e4 b6 2. d4 Bb7 3. Bd3 g6 4. Nf3 Bg7 5. 0-0 d6 6. Re1 Nd7 7. Bc4 e5 8. Ng5 Nh6 9. c3 Qe7 10. a4 a5 11. f4 exd4 12. cxd4 c5 13. Nc3 Bxd4+ 14. Kh1 Nf6 15. Nd5 Nhg4 16. Nxf6+ Nxf6 17. Bxf7+ Kd7 18. e5 dxe5 19. fxe5 Nd5 20. Qg4+ Kc7 21. Ne6+ Kb8 22. Nxd4 Qxf7 23. e6 Qf2 24. Nf3 Ka7 25. Bh6 Rhe8 26. e7 Rxe7 27. Rxe7 Nxe7 28. Qd7 Nf5 29. Bf4 Nd4 30. Bg3 Qxb2 31. Rf1 Nxf3 32. gxf3 Qe2 33. Qb5 Bxf3+ 34. Kg1 Qg2# 0-1

[Event "Titled Tuesday intern op 20th Jun Late"]
[Site "Chess.com INT"]
[Date "2023.06.20"]
[Round "3"]
[White "Lopez Mulet, Inigo"]
[Black "Ai, Evan Zihao"]
[Result "0-1"]
[WhiteElo "2404"]
[BlackElo "2055"]
[PlyCount "166"]
[EventDate "2023.06.20"]
[EventType "swiss (blitz)"]
[EventRounds "11"]
[EventCountry "USA"]
[SourceTitle "EXT 2024"]
[Source "ChessBase"]
[SourceDate "2023.10.10"]
[SourceVersion "1"]
[SourceVersionDate "2023.10.10"]
[SourceQuality "1"]

1. Nf3 Nf6 2. e4 Nxe4 3. d4 d5 4. Bd3 Bf5 5. 0-0 e6 6. Re1 Nd7 7. Nbd2 Nxd2 8. Bxf5 Nxf3+ 9. Qxf3 Be7 10. Bd3 Nf6 11. c3 h6 12. Bf4 Bd6 13. Be5 Bxe5 14. dxe5 Nd7 15. Qg4 Qg5 16. Qb4 b6 17. f4 Qe7 18. Qa4 0-0 19. Qd1 Nc5 20. Bc2 Rad8 21. b4 Nd7 22. Qd3 g6 23. Re3 Kh7 24. Rae1 c5 25. a3 a5 26. Rh3 axb4 27. axb4 cxb4 28. f5 exf5 29. Qd2 h5 30. Bxf5 Kg7 31. e6 Nf6 32. Qg5 bxc3 33. Rg3 Ng8 34. Qxh5 Qf6 35. e7 Nxe7 36. Rxe7 Qxe7 37. Rxg6+ fxg6 38. Qxg6+ Kh8 39. Qh6+ Kg8 40. Qg6+ Qg7 41. Be6+ Rf7 42. Bxf7+ Kf8 43. Qxb6 Qg5 44. Bh5 Qc1+ 45. Kf2 Qf4+ 46. Ke2 Qe5+ 47. Kf2 Rd6 48. Qb8+ Kg7 49. Qc7+ Kh6 50. Bf3 d4 51. g4 Qxh2+ 52. Kf1 Qh3+ 53. Bg2 Qd3+ 54. Kg1 Qe3+ 55. Kh2 Qf4+ 56. Kh1 Rf6 57. g5+ Kxg5 58. Qg7+ Rg6 59. Qe7+ Kg4 60. Qd7+ Kh4 61. Qe7+ Rg5 62. Qe1+ Rg3 63. Qe7+ Qg5 64. Qe4+ Rg4 65. Qe1+ Kh5 66. Qe8+ Qg6 67. Qe5+ Kh6 68. Qh8+ Qh7 69. Qf6+ Rg6 70. Qf8+ Kg5+ 71. Kg1 Qg7 72. Qc5+ Kh6 73. Kf1 Rxg2 74. Qd6+ Qg6 75. Qf4+ Rg5 76. Qf8+ Kh5 77. Qf3+ Rg4 78. Qh3+ Kg5 79. Ke2 Qe4+ 80. Kf1 Rf4+ 81. Kg1 Qe1+ 82. Kh2 Rf2+ 83. Kg3 Qe3# 0-1

[Event "Titled Tuesday intern op 06th Jun Late"]
[Site "Chess.com INT"]
[Date "2023.06.06"]
[Round "10"]
[White "Eidelman, Gabriel"]
[Black "Lopez Mulet, Inigo"]
[Result "0-1"]
[WhiteElo "2209"]
[BlackElo "2404"]
[PlyCount "74"]
[EventDate "2023.06.06"]
[EventType "swiss (blitz)"]
[EventRounds "11"]
[EventCountry "USA"]
[SourceTitle "EXT 2024"]
[Source "ChessBase"]
[SourceDate "2023.10.10"]
[SourceVersion "1"]
[SourceVersionDate "2023.10.10"]
[SourceQuality "1"]

1. Nc3 c6 2. e4 e5 3. Nf3 d6 4. d4 exd4 5. Nxd4 Nf6 6. Bc4 b5 7. Bd3 b4 8. Nce2 Be7 9. 0-0 0-0 10. Ng3 c5 11. Ndf5 Re8 12. Nxe7+ Qxe7 13. Bf4 Be6 14. b3 a6 15. Re1 Nc6 16. Qd2 Nd7 17. Bf1 Nde5 18. c3 a5 19. Bb5 Red8 20. Rad1 bxc3 21. Qxc3 Nd4 22. Bf1 a4 23. Be3 axb3 24. axb3 Nxb3 25. Nf5 Bxf5 26. exf5 Rab8 27. f4 Ng4 28. Bxc5 Qh4 29. h3 dxc5 30. g3 Qf6 31. Rxd8+ Rxd8 32. Qxb3 Qd4+ 33. Kh1 Qf2 34. hxg4 Qxe1 35. Kg1 c4 36. Qxc4 Qxg3+ 37. Kh1 Qh4+ 0-1

[Event "Titled Tuesday intern op 06th Jun Late"]
[Site "Chess.com INT"]
[Date "2023.06.06"]
[Round "3"]
[White "Magallanes, Rey Jomar"]
[Black "Lopez Mulet, Inigo"]
[Result "0-1"]
[WhiteElo "2032"]
[BlackElo "2404"]
[PlyCount "93"]
[EventDate "2023.06.06"]
[EventType "swiss (blitz)"]
[EventRounds "11"]
[EventCountry "USA"]
[SourceTitle "EXT 2024"]
[Source "ChessBase"]
[SourceDate "2023.10.10"]
[SourceVersion "1"]
[SourceVersionDate "2023.10.10"]
[SourceQuality "1"]

1. e4 c5 2. Nf3 d6 3. d4 cxd4 4. Nxd4 Nf6 5. Nc3 g6 6. Be3 Bg7 7. h3 0-0 8. Bc4 Nc6 9. Bb3 Nxd4 10. Bxd4 Be6 11. 0-0 a6 12. f4 Rc8 13. e5 dxe5 14. Bxe5 Qb6+ 15. Kh1 Rfd8 16. Qe2 Nh5 17. Qf2 Qxf2 18. Rxf2 Bxb3 19. cxb3 f6 20. g4 Ng3+ 21. Kg2 fxe5 22. Kxg3 exf4+ 23. Kxf4 Bxc3 24. bxc3 Rf8+ 25. Kg3 Rxc3+ 26. Kg2 Rxf2+ 27. Kxf2 Rxh3 28. Re1 Kf7 29. Rc1 Rh2+ 30. Kg3 Rxa2 31. Rc7 b5 32. Rb7 Ra3 33. Rb6 Rxb3+ 34. Kh4 Ra3 35. Kg5 Kg7 36. Rb7 h6+ 37. Kf4 Kf6 38. Rb6+ e6 39. Rc6 g5+ 40. Ke4 Ra4+ 41. Kf3 Rf4+ 42. Kg3 a5 43. Rc5 Rb4 44. Rc6 a4 45. Ra6 Rb3+ 46. Kg2 a3 47. Ra5 0-1

[Event "Titled Tuesday intern op 30th May Late"]
[Site "Chess.com INT"]
[Date "2023.05.30"]
[Round "8"]
[White "Mekhitarian, Krikor Sevag"]
[Black "Lopez Mulet, Inigo"]
[Result "0-1"]
[WhiteElo "2537"]
[BlackElo "2404"]
[PlyCount "66"]
[EventDate "2023.05.30"]
[EventType "swiss (blitz)"]
[EventRounds "11"]
[EventCountry "USA"]
[SourceTitle "CBM 214 Extra"]
[Source "ChessBase"]
[SourceDate "2023.07.31"]
[SourceVersion "1"]
[SourceVersionDate "2023.07.31"]
[SourceQuality "1"]

1. Nf3 d5 2. c4 c6 3. d4 Nf6 4. e3 Bf5 5. Nc3 e6 6. Nh4 Bg4 7. Qb3 Qb6 8. h3 Bh5 9. g4 Bg6 10. Nxg6 hxg6 11. Bg2 Nbd7 12. g5 Nh5 13. h4 Be7 14. Bd2 0-0 15. 0-0-0 Rfc8 16. Kb1 a5 17. Qxb6 Nxb6 18. c5 Nd7 19. Ne2 b6 20. cxb6 Nxb6 21. f4 Nc4 22. Bc1 a4 23. Rd3 c5 24. e4 dxe4 25. Bxe4 Rab8 26. d5 Nd6 27. Bf3 c4 28. Rdd1 c3 29. Ka1 cxb2+ 30. Bxb2 Nc4 31. Bd4 Na3 32. Rd2 Rc2 33. Rhd1 Rxd2 0-1